Text book of hydraulic machines (Record no. 10732)

000 -LEADER
fixed length control field 00441nam a22001817a 4500
001 - CONTROL NUMBER
control field 10732
003 - CONTROL NUMBER IDENTIFIER
control field BD-DhUET
008 - FIXED-LENGTH DATA ELEMENTS--GENERAL INFORMATION
fixed length control field 150209b xxu||||| |||| 00| 0 eng d
040 ## - CATALOGING SOURCE
Transcribing agency 0
Modifying agency BD-DhUET
082 ## - DEWEY DECIMAL CLASSIFICATION NUMBER
Classification number 621.2
Item number KHU/1985
100 ## - MAIN ENTRY--PERSONAL NAME
Personal name Khurmi, R. S.
245 ## - TITLE STATEMENT
Title Text book of hydraulic machines
250 ## - EDITION STATEMENT
Edition statement 14th ed.
260 ## - PUBLICATION, DISTRIBUTION, ETC. (IMPRINT)
Place of publication, distribution, etc. New Delhi
Name of publisher, distributor, etc. S. Chand
Date of publication, distribution, etc. 1985
300 ## - PHYSICAL DESCRIPTION
Extent vii, v.p.
Other physical details ill.
650 #0 - SUBJECT ADDED ENTRY--TOPICAL TERM
Topical term or geographic name as entry element Hydraulic Machines
942 ## - ADDED ENTRY ELEMENTS (KOHA)
Koha item type General Book
Holdings
Withdrawn status Source of classification or shelving scheme Copy number Price effective from Koha date last seen Koha full call number Not for loan Koha item type Damaged status Date acquired Location (home branch) Lost status Sublocation or collection (holding branch) Shelving location Koha normalized classification for sorting Piece designation (barcode)
  12015-02-092015-02-09621.2/KHU/1985 General Book 2015-02-09Central Library, BUET Central Library, BUETCirculation section621_200000000000000_KHU_198564129
  22015-02-092015-02-09621.2/KHU/1985 General Book 2015-02-09Central Library, BUET Central Library, BUETCirculation section621_200000000000000_KHU_198564154
  32015-02-092015-02-09621.2/KHU/1985 General Book 2015-02-09Central Library, BUET Central Library, BUETCirculation section621_200000000000000_KHU_198564142
  42015-02-092015-02-09621.2/KHU/1985 General Book 2015-02-09Central Library, BUET Central Library, BUETCirculation section621_200000000000000_KHU_198556685
  52015-02-092015-06-22621.2/KHU/1985 General Book 2015-02-09Central Library, BUET Central Library, BUETCirculation section621_200000000000000_KHU_198564155
  62015-02-092015-02-09621.2/KHU/1985 General Book 2015-02-09Central Library, BUET Central Library, BUETCirculation section621_200000000000000_KHU_198564132
  72015-02-092015-02-09621.2/KHU/1985 General Book 2015-02-09Central Library, BUET Central Library, BUETCirculation section621_200000000000000_KHU_198564136
  82015-02-092015-02-09621.2/KHU/1985 General Book 2015-02-09Central Library, BUET Central Library, BUETCirculation section621_200000000000000_KHU_198564153
  92015-02-092015-02-09621.2/KHU/1985 General Book 2015-02-09Central Library, BUET Central Library, BUETCirculation section621_200000000000000_KHU_198564134
  102015-02-092015-02-09621.2/KHU/1985 General Book 2015-02-09Central Library, BUET Central Library, BUETCirculation section621_200000000000000_KHU_198564150
  112015-02-092015-02-09621.2/KHU/1985 General Book 2015-02-09Central Library, BUET Central Library, BUETCirculation section621_200000000000000_KHU_198564137
  122015-02-092015-02-09621.2/KHU/1985 General Book 2015-02-09Central Library, BUET Central Library, BUETCirculation section621_200000000000000_KHU_198564139